000 00209nam a2200097Ia 4500
008 240331s9999 xx 000 0 und d
082 _a303
_bRAJ
100 _aRajkumar, R C
245 0 _aUnkalai nokki
942 _cL
999 _c1197
_d1197